000 01798cam a2200373 i 4500
001 19229660
003 NUST
005 20230127130342.0
008 160811s2017 ilu b 001 0 eng c
010 _a 2016036902
020 _a9780226179773 (cloth : alk. paper)
020 _a9780226179803 (pbk : alk. paper)
020 _z9780226179940 (e-book)
040 _aICU/DLC
_beng
_cICU
_erda
_dDLC
042 _apcc
050 0 0 _aPN146
_b.G47 2017
082 0 0 _a808.02,GER
_223
100 1 _aGerard, Philip,
_eauthor.
_9102606
245 1 4 _aThe art of creative research :
_ba field guide for writers /
_cPhilip Gerard.
264 1 _aChicago :
_bThe University of Chicago Press,
_c2017.
300 _axiii, 220 pages ;
_c24 cm.
336 _atext
_2rdacontent
337 _aunmediated
_2rdamedia
338 _avolume
_2rdacarrier
490 1 _aChicago guides to writing, editing, and publishing
505 _aWhat Creative Research Is and How to Use It (Page-1), Preparing a Research Plan (Page-22),The Tools of the Trade (Page-38), Archives: What They Are, Where They Are, and How Best to Use Them (Page-57),It Must Be True— I Saw It on the Internet (Page-73),The Archives of Memory, Imagination, and Personal Expertise (Page-83),The Warm Art of the Interview (Page-98), Walking the Ground and Handling the Thing Itself (Page-130),Troubleshooting, Fact- Checking, and Emotional Cost (Page-149), Breathing Life into Facts and Data on the Page (Page-170).
650 0 _aAuthorship.
_911474
650 0 _aResearch.
_9552
650 0 _aCreative writing.
_913109
830 0 _aChicago guides to writing, editing, and publishing.
906 _a7
_bcbc
_corignew
_d1
_eecip
_f20
_gy-gencatlg
942 _2ddc
_cBK
_k808.02,GER
999 _c592301
_d592301